00795nam a22001697a 4500020001800000082001200018100002600030245003000056260005800086300002400144490016500168500006400333650006300397942000700460999001700467952014100484 a9789380853154 a515 DEN aDenlinger, Charles G. aElements of real analysis aNew Delhi, IndiabJones and Bartlett Publishersc2011 axxx, 737 p.bill. ; aThe Jones and Bartlett Publishers international series in mathematics Jones and Bartlett Publishers series in mathematics. International series in mathematics. aIncludes bibliographical references (p. 709-717) and index. a1. Mathematical analysis. 2. Functions of real variables. cBK c12459d12459 001040708NFICaCLbCLcGENd2013-12-27eMulti-Line Booksg1212.08l6m1o515 DENpSEECS012857r2023-01-12s2022-12-18w2014-01-01yBK